LEADER 01179nam a2200289 u 4500 001 000000031704 003 CaOOAMICUS 005 20070226112153.0 008 971007s1962 it u000 u ita u 035 $a10771786 040 $aPUL$bita 041 1 $aita$hger 100 1 $aWikenhauser, Alfred,$dn. 1883.$0(OLS)http://pul/name/19826 245 12$aL'evangelo secondo Giovanni /$ctradotto e commentato da Alfred Wikenhauser. 250 $a2. ed. /$ba cura di Giovanni Rinaldi. 260 $aBrescia :$bMorcelliana,$c1962. 300 $a482 p. ;$c22 cm 490 1 $aIl Nuovo Testamento commentato ;$v4 700 1 $aRinaldi, Giovanni.$0(OLS)http://pul/name/12979 730 0 $aBiblia.$pN.T.$pIohannes.$lItaliano.$0(OLS)http://pul/title/158599 830 3$aIl Nuovo Testamento commentato ;$v4.$0(OLS)http://pul/title/43471 850 $aPUL 852 $aPUL$W1$xSL Religione 1$y3$m1(7) Q 4$j43749$nBK-PRI$b $qStampati$B43749$CPULBib$Z2$F43749 $H $81 941 1 $a8 961 $aINV: 26008 996 $6245$aL'evangelo secondo Giovanni$9(OLS)http://pul/title/43623 996 $6260$aBrescia :$bMorcelliana$9(OLS)http://pul/publisher/47854 LEADER 01219nam a2200301 u 4500 001 000000032743 003 CaOOAMICUS 005 20070226112303.0 008 971022s1956 fr u000 u fre u 035 $a10773900 040 $aPUL(R)$bita 100 1 $aCerfaux, Lucien,$csac.,$d1883-1968.$0(OLS)http://pul/name/10791 245 13$aLa communauté apostolique /$cL. Cerfaux. 250 $a3. éd. 260 $aParis :$bCerf,$c1956. 300 $a102 p. ;$c19 cm 490 1 $aTémoins de Dieu ;$v2 500 $aComprende indici. 650 0$aChurch history$yPrimitive and early church, ca. 30-600.$2//eng$0(OLS)http://pul/subject/135 830 0$aTémoins de Dieu ;$v2.$0(OLS)http://pul/title/16358 850 $aPUL 852 $aPUL$W1$xSL Religione 1$y3$m10(1) B 1$j45068$nBK-PRI$b $qStampati$B45068$CPULBib$Z2$F45068 $H $81 852 $aPUL$W1$xDP1 Fondo Pastorale$y55$mP5 B 30$j45069$nBK-PRI$b $qFondi$B45069$CPULBib$Z2$F45069 $HPUL746 $81 941 1 $a8 941 1 $a1 961 $aINV: 38532. 996 $6245$aLa communauté apostolique$9(OLS)http://pul/title/45142 996 $6260$aParis :$bCerf$9(OLS)http://pul/publisher/48238 LEADER 01417nam a2200289 u 4500 001 000000033917 003 CaOOAMICUS 005 20070226112421.0 008 971117s1963 sz ah u000 u fre u 035 $a10776415 040 $aPUL$bita 041 1 $afre$ager$aeng$acop 130 0 $aTractatus de resurrectione.$lFrancese e copto.$0(OLS)http://pul/title/46730 245 10$aDe resurrectione :$b(epistula ad Rheginum) : codex Jung F.XXII-F.XXV (p. 43-50) /$cediderunt Michel Malinine ... [et al.] ; adiuvantibus rev. R. McL. Wilson B. D., Ph. D. [et] Dr. Jan Zandee .. 260 $aZürich ;$aStuttgart :$bRascher Verlag,$c1963. 300 $axxxiv, 72 p., [8] c. di tav. :$bill., facs. ;$c31 cm 500 $aComprende indici. 650 4$aGnosticismo$xTesti.$0(OLS)http://pul/subject/2557 650 4$aResurrezione.$0(OLS)http://pul/subject/733 700 1 $aMalinine, Michel.$0(OLS)http://pul/name/26316 730 0 $aEpistola ad Rheginum$lFrancese e copto.$0(OLS)http://pul/title/46732 850 $aPUL 852 $aPUL$W1$xSL Religione 1$y3$m21 F 26$j46520$nBK-PRI$b $qStampati$B46520$CPULBib$Z2$F46520 $H $81 941 1 $a8 961 $aINV: 26212 996 $6245$aDe resurrectione :$b(epistula ad Rheginum) : codex Jung F.XXII-F.XXV (p. 43-50)$9(OLS)http://pul/title/46731 996 $6260$aZürich ;$aStuttgart :$bRascher Verlag$9(OLS)http://pul/publisher/61888